| 000 | 01000cam a2200265 i 4500 | ||
|---|---|---|---|
| 001 | 332 | ||
| 003 | Mx-PuUPA | ||
| 005 | 20260216153705.0 | ||
| 008 | 140415s2002 mx a gr 001 0 spa d | ||
| 040 |
_aMx-PuUPA _bspa _cMx-PuUPA _dMx-PuUPA _erda |
||
| 041 | 0 | _aspa | |
| 043 | _an-mx--- | ||
| 100 | 1 |
_aValero de García Lascuráin, Ana Rita, _9385 _eautor |
|
| 245 | 1 | 3 |
_aLa archicofradía universal de Nuestra Señora de Guadalupe : _bpasado y presente / _cAna Rita Valero de García Lascuráin |
| 264 | 1 |
_aMéxico, D.F.: _bArchicofradía Universal de Sanra María de Guadalupe, _c©2002 |
|
| 300 |
_a92 páginas : _bilustraciones (principalmente blanco y negro) ; _c21 cm |
||
| 336 |
_2rdacontent _atexto _btxt |
||
| 337 |
_2rdamedia _asin medio _bn |
||
| 338 |
_2rdacarrier _avolumen _bnc |
||
| 650 | 7 |
_2armarc _aArchicofradía _xVirgen de Guadalupe |
|
| 650 | 7 |
_2armarc _aHistoria _zMéxico |
|
| 942 |
_2ddc _cLI _h267.1820972 _iV35 |
||
| 999 |
_c332 _d332 |
||